000 00530nam a2200181Ia 4500
008 151018s9999 xx 000 0 und d
082 _bRBASDV51340
_a923.7
100 _aविमल वाणी
245 _aजीवनसंघर्ष
250 _b1
260 _bअजब प्रकाशन
_c2009
300 _a240
600 _aविमल वाणी
630 _aजीवनसंघर्ष
700 _aविमल वाणी
730 _aजीवनसंघर्ष
942 _cBOOK
999 _c1050216
_d1050213